| 000 -LEADER |
| fixed length control field |
01466cam a2200361 a 4500 |
| 001 - CONTROL NUMBER |
| control field |
15462493 |
| 003 - CONTROL NUMBER IDENTIFIER |
| control field |
Nust- CAS-E |
| 005 - DATE AND TIME OF LATEST TRANSACTION |
| control field |
20180118181401.0 |
| 008 - FIXED-LENGTH DATA ELEMENTS--GENERAL INFORMATION |
| fixed length control field |
080923s2009 fluab b 001 0 eng |
| 010 ## - LIBRARY OF CONGRESS CONTROL NUMBER |
| LC control number |
2008042182 |
| 020 ## - INTERNATIONAL STANDARD BOOK NUMBER |
| International Standard Book Number |
9781420087918 |
| 020 ## - INTERNATIONAL STANDARD BOOK NUMBER |
| International Standard Book Number |
1420087916 |
| 035 ## - SYSTEM CONTROL NUMBER |
| System control number |
(OCoLC)ocn258332555 |
| 040 ## - CATALOGING SOURCE |
| Original cataloging agency |
DLC |
| Transcribing agency |
DLC |
| Modifying agency |
YDXCP |
| -- |
YDX |
| -- |
C#P |
| -- |
OCLCA |
| -- |
CDX |
| -- |
BWX |
| -- |
DLC |
| 050 00 - LIBRARY OF CONGRESS CALL NUMBER |
| Classification number |
TK1041 |
| Item number |
.Y36 2009 |
| 082 00 - DEWEY DECIMAL CLASSIFICATION NUMBER |
| Classification number |
621.31/2132 |
| Edition number |
22 |
| Author Mark |
YAN 2009 |
| 100 1# - MAIN ENTRY--PERSONAL NAME |
| Personal name |
I︠A︡ntovskiĭ, E. I. |
| Fuller form of name |
(Evgeniĭ Isaakovich) |
| 245 10 - TITLE STATEMENT |
| Title |
Zero emissions power cycles / |
| Statement of responsibility, etc. |
E. Yantovsky, J. Górski, M. Shokotov. |
| 260 ## - PUBLICATION, DISTRIBUTION, ETC. |
| Place of publication, distribution, etc. |
Boca Raton : |
| Name of publisher, distributor, etc. |
CRC Press, |
| Date of publication, distribution, etc. |
c2009. |
| 300 ## - PHYSICAL DESCRIPTION |
| Extent |
286 p. : |
| Other physical details |
ill., map ; |
| Dimensions |
25 cm. |
| 504 ## - BIBLIOGRAPHY, ETC. NOTE |
| Bibliography, etc. note |
Includes bibliographical references and index. |
| 650 #0 - SUBJECT ADDED ENTRY--TOPICAL TERM |
| Topical term or geographic name entry element |
Fossil fuel power plants |
| General subdivision |
Equipment and supplies. |
| 650 #0 - SUBJECT ADDED ENTRY--TOPICAL TERM |
| Topical term or geographic name entry element |
Fossil fuel power plants |
| General subdivision |
Energy conservation. |
| 650 #0 - SUBJECT ADDED ENTRY--TOPICAL TERM |
| Topical term or geographic name entry element |
Pollution control equipment. |
| 650 #0 - SUBJECT ADDED ENTRY--TOPICAL TERM |
| Topical term or geographic name entry element |
Internal combustion engines. |
| 650 #0 - SUBJECT ADDED ENTRY--TOPICAL TERM |
| Topical term or geographic name entry element |
Electric power production |
| General subdivision |
Environmental aspects. |
| 700 1# - ADDED ENTRY--PERSONAL NAME |
| Personal name |
Górski, J. |
| Fuller form of name |
(Jan), |
| Dates associated with a name |
1945- |
| 700 1# - ADDED ENTRY--PERSONAL NAME |
| Personal name |
Shokotov, N. K. |
| Fuller form of name |
(Nikolaĭ Konstantinovich) |
| 856 41 - ELECTRONIC LOCATION AND ACCESS |
| Materials specified |
Table of contents only |
| Uniform Resource Identifier |
<a href="http://www.loc.gov/catdir/toc/fy0905/2008042182.html">http://www.loc.gov/catdir/toc/fy0905/2008042182.html</a> |
| 906 ## - LOCAL DATA ELEMENT F, LDF (RLIN) |
| a |
7 |
| b |
cbc |
| c |
orignew |
| d |
1 |
| e |
ecip |
| f |
20 |
| g |
y-gencatlg |
| 942 ## - ADDED ENTRY ELEMENTS (KOHA) |
| Source of classification or shelving scheme |
|
| Koha item type |
Book |